| 000 | 00487nam a2200205Ia 4500 | ||
|---|---|---|---|
| 008 | 170918s9999 xx 000 0 und d | ||
| 020 | _a9781250053992 | ||
| 050 | _bR881el 2013 | ||
| 100 | _aRowell, Rainbow | ||
| 245 | _aEleanor & Park / | ||
| 245 | _cby Rainbow Rowell. | ||
| 250 | _aFirst edition. | ||
| 260 | _aNew York : | ||
| 260 | _bSt. Martin's Griffin, | ||
| 260 | _c2013 | ||
| 300 | _a328 pages : | ||
| 300 | _billustrations ; | ||
| 300 | _c21cm. | ||
| 500 | _a580 | ||
| 999 |
_c344301 _d344301 |
||